La escuela y los textos
Αποθηκεύτηκε σε:
| Κύριοι συγγραφείς: | , |
|---|---|
| Μορφή: | Βιβλίο |
| Γλώσσα: | Ισπανικά |
| Έκδοση: |
Buenos Aires
Santillana
1993
|
| Σειρά: | Colección Aula XXI
|
| Θέματα: | |
| Ετικέτες: |
Προσθήκη ετικέτας
Δεν υπάρχουν, Καταχωρήστε ετικέτα πρώτοι!
|
MARC
| LEADER | 00000nam a2200000 a 4500 | ||
|---|---|---|---|
| 001 | UCO3343 | ||
| 003 | CL-VaPUC | ||
| 008 | 000720e19930000AG |||||||||||||||||spa|d | ||
| 020 | |a 9504602010 | ||
| 082 | 0 | 4 | |a 372.6 |b KAU |2 21 |
| 100 | |a Kaufman, Ana María |e author |9 553356 | ||
| 700 | 0 | |a Rodríguez, María Elena |e author |9 447435 | |
| 245 | 1 | 3 | |a La escuela y los textos |
| 300 | |a 207 p | ||
| 942 | |c BK | ||
| 945 | |d 20000720 00:00:00 |a rbrito | ||
| 260 | |a Buenos Aires |b Santillana |c 1993 | ||
| 650 | 0 | |a Enseñanza de la lectura |9 308364 | |
| 650 | 0 | |a Enseñanza de la escritura |9 307377 | |
| 650 | 0 | |a Lectura |9 307634 | |
| 650 | 0 | |a Escritura |9 264941 | |
| 650 | 0 | |a Educación básica |9 224933 | |
| 583 | |a last modification |c 20000720 00:00:00 |k Rodrigo Vera | ||
| 490 | 0 | |a Colección Aula XXI | |
| 999 | |c 289801 |d 289799 | ||
| 952 | |0 0 |1 0 |4 0 |6 372_600000000000000_KAU_1993 |7 0 |8 A |9 338544 |a BIBEDU |b BIBEDU |c ES_NOD |d 2019-11-20 |i 3628108 |o 372.6 KAU 1993 |p 3628108 |r 2023-08-09 |w 2019-11-20 |y BK |k EPE | ||
| 952 | |0 0 |1 0 |4 0 |6 372_600000000000000_KAU_1993 |7 0 |8 A |9 338545 |a FDOPOS |b FDOPOS |d 2019-11-20 |i 4209842 |o 372.6 KAU 1993 |p 4209842 |r 2025-01-22 |w 2019-11-20 |y BK |k MLA | ||